| 000 | 00882nam a2200217 i 4500 | ||
|---|---|---|---|
| 001 | bg | ||
| 100 | 1 | _aJANIAK, Adam | |
| 245 | 0 |
_aDokładne i przybliżone algorytmy szeregowania zadań i rozdziału zasobów w dyskretnych procesach przemysłowych / _cAdam Janiak. |
|
| 260 |
_aWrocław : _bWydaw. PW, _c1991. |
||
| 300 |
_a302 s. : _bwykr. ; _c24 cm. |
||
| 490 | 1 |
_aPrace Naukowe Instytutu Cybernetyki Technicznej Politechniki Wrocławskiej. Monografie, _v20 |
|
| 500 | _aSer. gł. : 0324-9786 ; 87. | ||
| 504 | _aBibliogr. s. 283-297. | ||
| 710 |
_aPolitechnika Wrocławska (Wrocław) _bInstytut Cybernetyki Technicznej |
||
| 830 | 0 |
_aPrace Naukowe Instytutu Cybernetyki Technicznej Politechniki Wrocławskiej. _pMonografie ; _v20 |
|
| 040 | _cBPK | ||
| 041 | _apol | ||
| 080 | _a658.5.012.26::66/69:519.8:519.68 | ||
| 942 | _cKS | ||
| 008 | s pl f |000 0 pol | ||
| 999 |
_c30071 _d30071 |
||
| 856 |
_uhttp://koha.tu.koszalin.pl/cgi-bin/koha/opac-detail.pl?biblionumber=30071 _yKatalog online BPK |
||